000 00752cam a2200193 i 4500
005 20260119095804.0
008 250721s2009 jo gr 000 0 ara d
020 _a9789975428365
082 1 4 _a327.5650566
_bد ر ا
100 1 _aدرادكة، فتحي محمد
_eمؤلف.
245 1 2 _aالتاريخ السياسي للعلاقات الأردنية السعودية 1953-1967 م /
_cالدكتور فتحي محمد دراوكة.
264 3 1 _aعمان :
_bمنشورات اللجنة العليا لكتابة تاريخ الأردن،
_c2009.
300 _a342صفحة.
650 1 7 _aالاردن.
650 1 7 _aالسعودية.
650 1 7 _aالعلاقات الدولية.
942 _2ddc
_cBK
999 _c120523
_d120523